000 00672nam a2200289Ia 4500
005 20260324140353.0
008 008 260324s9999 xx 000 0 eng d
020 _a9780203900550
037 _aEBOOK
040 _aCRL
040 _beng
040 _cCRL
041 _2eng
041 _aeng
084 _qCRL
100 _aDavid Hakken
_91193803
245 0 _aCyborgs@Cyberspace?
245 3 _bAn Ethnographer Looks to the Future
260 _bTaylor and Francis
260 _c1999
365 _a
365 _b180
856 _uhttp://www.taylorfrancis.com/books/9780203900550
942 _cEBOOK
999 _c1806147
_d1806147